Definisjoner: 1.11, 1.12 & 1.13 Stasjoner, Kjøretøy & Sporveksler - Statistics

General Stats
  • This quiz has been taken 12 times
  • The average score is 15 of 25
Answer Stats
Hint Answer % Correct
Tog som kjøres for transport av gods, samt nødvendig personale som har tilsyn med godset. Godstog
80%
Tog som kjøres for å hente et tog som er blitt stående på linjen. Hjelpetog
80%
Tog som kjøres med personvogner og som etter ruten ikke tar med passasjerer. Tomtog
80%
Stasjon på strekning med fjernstyring og strekning med ERTMS som styres av togleder. Fjernstyrt stasjon
70%
Sporveksel som er tungesikret, kontrollåst, låst eller bevoktet. Sikret sporveksel
70%
Område på banestrekning avgrenset av en eller flere stasjonsgrenser. På stasjoner kan det være plattformer for av- og påstigning. Stasjon
70%
Grensen mellom stasjonen og linjen markert med innkjørhovedsignal, enkelt innkjørsignal, midlertidig innkjørsignal eller innkjørstoppskilt. Stasjonsgrense
70%
Ekstra sted på stasjon der tog stopper for av- og/eller påstigning. Stoppested
70%
Sporveksel som hindrer kjøretøy i å komme inn på et bestemt spor. Avledende sporveksel
60%
Stasjon på strekning med togmelding eller grensestasjon som styres av togekspeditør. Betjent stasjon
60%
Betjent stasjon som grenser til strekning med fjernstyring eller strekning med ERTMS. Stasjonen betegnes ... bare i forhold til tilgrensende strekning med fjernstyring eller strekning med ERTMS. Grensestasjon
60%
Spor på en stasjon som tog kjører på når sporvekslene ligger i normalstilling. Hovedtogspor
60%
Kjøretøy som flyttes under skifting. Skift
60%
Trekkraftkjøretøy med togdata tilgjengelig, med eller uten tilkoplede kjøretøy, som kjøres mellom to eller flere definerte punkter i henhold til en tildelt rute og identifisert ved hjelp av et unikt tognummer. Tog
60%
Stasjon på strekning med togmelding som ikke styres av togekspeditør. ... regnes som en del av linjen. Ubetjent stasjon
60%
Jernbane... som kjører på egne hjul på jernbanelinjer, med eller uten egen trekkraft. Kjøretøy
50%
Det punktet kjøretøyet må stå innenfor på spor som møter eller krysser et annet spor, slik at kjøretøy kan kjøre på det andre sporet. Middel
50%
Sporveksel som legges om fra stillerapparat for sikringsanlegg. Sentralstilt sporveksel
50%
Andre spor på stasjon enn togspor. Skiftespor
50%
Innretning som gjør det mulig å kjøre fra et spor til et annet. Sporveksel
50%
Spor på en stasjon som er beregnet for inn- og utkjøring av tog. Togspor
50%
Trekkraftkjøretøy beregnet for kjøring av tog og skifting. Lokomotiv
40%
Tog som kjøres for transport av passasjerer eller for transport av både passasjerer og gods. Persontog
40%
Innretning som hindrer kjøretøy i å komme inn på et bestemt spor. Sporsperre
30%
Kjøretøy med trekkraft, herunder lokomotiv, motorvognsett og skinnetraktor. Trekkraftkjøretøy
30%
No matching quizzes found
Score Distribution
Percent of People with Each Score
Percentile by Number Answered
Your Score History
You have not taken this quiz